[Event "Wuerttemberg-ch U18"]
[Site "Friedrichshafen"]
[Date "2005.03.31"]
[Round "5"]
[White "Weiss, Stefan"]
[Black "Mueller, Ulrich"]
[Result "1/2-1/2"]
[WhiteElo "1596"]
[BlackElo "1758"]
[PlyCount "69"]
[EventDate "2005.03.29"]
[EventType "swiss"]
[EventRounds "7"]
[EventCountry "GER"]
[SourceTitle "EXT 2007"]
[Source "ChessBase"]
[SourceDate "2006.11.23"]
[SourceVersion "1"]
[SourceVersionDate "2006.11.23"]
[SourceQuality "1"]

1. Nf3 d5 2. c4 c6 3. b3 Nf6 4. g3 Bf5 5. Bg2 e6 6. 0-0 Be7 7. Bb2 0-0 8. d3 h6 9. a3 a5 10. d4 Qb6 11. c5 Qa6 12. b4 Nbd7 13. Nc3 b6 14. cxb6 axb4 15. axb4 Qxb6 16. Na4 Qxb4 17. Ba3 Qxa4 18. Bxe7 Qxd1 19. Rfxd1 Rfb8 20. Rac1 Ra2 21. Bf1 Rc2 22. Rxc2 Bxc2 23. Rc1 Rb2 24. Ne1 Ba4 25. Nd3 Rc2 26. Rxc2 Bxc2 27. Nb4 Ba4 28. e3 Nh7 29. Ba6 Nb8 30. Bb7 Nf8 31. f3 f6 32. Bd6 Nfd7 33. e4 Kf7 34. Kf2 f5 35. e5 1/2-1/2

[Event "Wuerttemberg-ch U18"]
[Site "Friedrichshafen"]
[Date "2005.03.29"]
[Round "2"]
[White "Weiss, Stefan"]
[Black "Naumann, Marcus"]
[Result "1-0"]
[WhiteElo "1596"]
[BlackElo "1619"]
[PlyCount "87"]
[EventDate "2005.03.29"]
[EventType "swiss"]
[EventRounds "7"]
[EventCountry "GER"]
[SourceTitle "EXT 2007"]
[Source "ChessBase"]
[SourceDate "2006.11.23"]
[SourceVersion "1"]
[SourceVersionDate "2006.11.23"]
[SourceQuality "1"]

1. Nf3 c5 2. c4 d6 3. g3 Nf6 4. Bg2 g6 5. 0-0 Bg7 6. Nc3 Nc6 7. b3 Bd7 8. Bb2 Qc8 9. Nd5 e5 10. e3 Nxd5 11. cxd5 Ne7 12. d4 e4 13. Nd2 f5 14. Nc4 Qc7 15. dxc5 Bxb2 16. cxd6 Qb8 17. Nxb2 Qxd6 18. Qd4 Rf8 19. Rfd1 Qf6 20. Nc4 Qxd4 21. Rxd4 0-0-0 22. a4 Be8 23. Rad1 Bf7 24. d6 Nc6 25. R4d2 Bxc4 26. bxc4 Ne5 27. Rd5 Rfe8 28. Bf1 h5 29. h4 Rd7 30. c5 a6 31. Rb1 Nf3+ 32. Kg2 Ne5 33. Rb6 Nc6 34. Bxa6 bxa6 35. Rxc6+ Kb7 36. Rc7+ Rxc7 37. dxc7 Rc8 38. Rd6 Rxc7 39. Rxg6 Rc6 40. Rg5 Rxc5 41. Rxh5 Ra5 42. g4 Rxa4 43. Rxf5 Rb4 44. h5 1-0

[Event "Ruhrgebiet VK3 0405"]
[Site "Ruhrgebiet"]
[Date "2005.01.30"]
[Round "6.7"]
[White "Weiss, Stefan"]
[Black "Sanders, Gregor"]
[Result "1-0"]
[WhiteElo "1799"]
[BlackElo "1924"]
[PlyCount "83"]
[EventDate "2004.09.12"]
[EventType "team"]
[EventRounds "9"]
[EventCountry "GER"]
[SourceTitle "EXT 2006"]
[Source "ChessBase"]
[SourceDate "2005.11.24"]
[SourceVersion "1"]
[SourceVersionDate "2005.11.24"]
[SourceQuality "1"]
[WhiteTeam "Essen Borbeck II"]
[BlackTeam "Wacker Bergeborbeck"]
[WhiteTeamCountry "GER"]
[BlackTeamCountry "GER"]

1. d4 f5 2. c4 Nf6 3. Nc3 g6 4. g3 Bg7 5. Bg2 0-0 6. Bg5 d6 7. Nf3 Nc6 8. 0-0 h6 9. Bxf6 Bxf6 10. e3 e6 11. a3 a5 12. Qb3 Qe7 13. Rad1 g5 14. d5 Nd8 15. dxe6 Bxe6 16. Nd5 Qg7 17. Nxf6+ Rxf6 18. Nd4 Rb8 19. Nxe6 Nxe6 20. Qc3 Nc5 21. Qxa5 f4 22. exf4 gxf4 23. Qc3 Rbf8 24. b4 Nd7 25. c5 f3 26. Bh3 Ne5 27. Rd4 Qg6 28. cxd6 cxd6 29. Rfd1 Nf7 30. Qd3 Qh5 31. Rh4 Qe5 32. Re4 Qh5 33. Rh4 Qe5 34. Qd5 Qxd5 35. Rxd5 Ng5 36. Bf1 Rd8 37. Rg4 Kf7 38. h4 Nh7 39. Bc4 Ke7 40. Rg7+ Rf7 41. Rxf7+ Kxf7 42. Ra5+ 1-0

[Event "Wuerttemberg-ch U16"]
[Site "Stuttgart"]
[Date "2003.04.24"]
[Round "5"]
[White "Weiss, Stefan"]
[Black "Willems, Sebastian"]
[Result "1/2-1/2"]
[WhiteElo "1244"]
[BlackElo "1581"]
[PlyCount "70"]
[EventDate "2003.04.??"]
[EventType "swiss"]
[EventRounds "7"]
[EventCountry "GER"]
[SourceTitle "EXT 2005"]
[Source "ChessBase"]
[SourceDate "2004.11.15"]
[SourceVersion "1"]
[SourceVersionDate "2004.11.15"]
[SourceQuality "1"]

1. e4 Nf6 2. Nc3 d5 3. exd5 Nxd5 4. Nxd5 Qxd5 5. Nf3 c5 6. d4 Bg4 7. Be2 cxd4 8. Qxd4 Qxd4 9. Nxd4 Bxe2 10. Nxe2 e6 11. Be3 Be7 12. 0-0 0-0 13. Rfd1 b6 14. c3 Bf6 15. Rd3 Nc6 16. Bf4 e5 17. Bg3 Rfd8 18. Rad1 h5 19. Rxd8+ Rxd8 20. Rxd8+ Bxd8 21. f3 Be7 22. Bf2 g6 23. Kf1 f5 24. Ke1 Bg5 25. h4 Bh6 26. Ng3 Kf7 27. Ke2 Ke6 28. Kd3 Kd5 29. c4+ Kd6 30. a3 Bc1 31. Kc2 Bf4 32. Kd3 Bc1 33. Kc2 Bh6 34. Kd3 Bg7 35. b4 Ke6 1/2-1/2